Los economistas españoles y sus ideas sobre el comercio con las Indias /

Estudio sobre el pensamiento económico español del siglo XVIII e inicios del siglo XIX en relación al comercio con las colonias hispanas de América. Presentado originalmente como tesis doctoral con el título "Los principales economistas españoles del siglo XVIII", el análisis también da cabida a las...

Fuld beskrivelse

Guardado en:
Bibliografiske detaljer
Hovedforfatter: Bitar Letayf, Marcelo (autor)
Format: Bog
Sprog:spansk
Udgivet: México : Instituto Mexicano de Comercio Exterior, 1975, c1975
Serier:(Historia del Comercio Exterior de México)
Fag:
Tags: Tilføj Tag
Ingen Tags, Vær først til at tagge denne postø!

MARC

LEADER 00000nam^a2200000^a^4500
001 000120811
005 20250521000000.0
009 20260310094405.806
037 |a Acervo ITESO - Biblioteca 
041 |a ESP 
082 |a 946. 05  |b BIT 
100 |a Bitar Letayf, Marcelo  |e (autor) 
240 1 1 |a [Economistas españoles del siglo XVIII] 
245 1 4 |a Los economistas españoles y sus ideas sobre el comercio con las Indias /  |c M. Bitar Letayf. 
264 4 |a México :  |b Instituto Mexicano de Comercio Exterior,  |c 1975, c1975 
300 |a 322 p. 
336 |a texto  |b txt  |2 rdacontenido 
337 |a sin mediación  |b n  |2 rdamedio 
338 |a volumen  |b nc  |2 rdasoporte 
440 1 |a (Historia del Comercio Exterior de México) 
520 |a Estudio sobre el pensamiento económico español del siglo XVIII e inicios del siglo XIX en relación al comercio con las colonias hispanas de América. Presentado originalmente como tesis doctoral con el título "Los principales economistas españoles del siglo XVIII", el análisis también da cabida a las repercusiones que dichas ideas tuvieron en la realidades socioeconómicas tanto de la península como del Nuevo Mundo. 
649 |a XX 
650 |a Economistas Españoles 
650 |a Economía -  |x Teoría 
650 |a Comercio Internacional -  |z América-España -  |x Historia 
650 |a Comercio Exterior -  |z España -  |x Historia 
650 |a Economía -  |z España -  |x Historia -  |y Siglo XVIII 
650 |a España -  |x Historia -  |y Siglo XVIII 
650 |a España -  |x Historia -  |y Siglo XIX 
650 |a España -  |x Historia -  |y Borbones, 1700-1931 
650 |a América -  |x Historia -  |y Siglo XVIII 
650 |a América -  |x Historia -  |y Siglo XIX 
650 |a América -  |x Historia -  |y Epoca Colonial 
910 |a Fondo Salvador Reynoso Reynoso 
920 |a Impresos - Libros 
930 |a Fondos Especiales 
905 |a 112 
901 |a 0800005810  |b IT2  |c ESP  |u 20250521 
902 |a https://opac.biblio.iteso.mx/vufind/Record/000120811